[Event "Challenge"]
[Site "http://www.queenalice.com/game.php?id=626997"]
[Date "2009.7.29"]
[Round "-"]
[White "ksanjabi"]
[Black "bdollings75"]
[Result "1-0"]
[WhiteElo "1396"]
[BlackElo "1002"]

1. e4 e5 2. Nf3 Nc6 3. Bb5 a6 4. Ba4 Bd6 5. O-O Nf6 6. Re1 O-O 7. c3 Re8 8. d4
b5 9. Bb3 Na5 10. Ng5 Nxb3 11. Qxb3 Qe7 12. Nd2 h6 13. Ngf3 c6 14. Nf1 Bb7 15.
Ng3 Rad8 16. a3 Bb8 17. Nf5 Qf8 18. Nxe5 Bxe5 19. dxe5 Rxe5 20. Bf4 Rxe4 21. Bd6
Qe8 22. Be7 Rxe1+ 23. Rxe1 1-0

[Event "Challenge"]
[Site "http://www.queenalice.com/game.php?id=627005"]
[Date "2009.7.29"]
[Round "-"]
[White "ajj_br"]
[Black "bdollings75"]
[Result "0-1"]
[WhiteElo "1165"]
[BlackElo "1500"]

1. Nf3 d5 2. e3 c5 3. c4 e6 4. cxd5 exd5 5. Bb5+ Nc6 6. d4 Nf6 7. O-O Bd6 8. Ne5
Bd7 9. Nxd7 Qxd7 10. dxc5 Bxc5 11. Qc2 Be7 12. a3 O-O 13. f3 Rac8 14. Qd3 a6 15.
Ba4 Rc7 16. Nc3 Kh8 17. Bd2 Rd8 18. b4 b5 19. Bc2 Qe6 20. a4 Nxb4 21. Qe2 Nxc2
22. Rac1 Na3 23. axb5 Nxb5 24. Nxb5 Rxc1 25. Nc7 Rxf1+ 26. Qxf1 Qb6 27. Nxa6 Ra8
28. Bc3 Rxa6 29. Qc1 g6 30. Bd4 Qb7 31. Qc3 Kg7 32. g4 Qb1+ 33. Kg2 Ra2+ 34. Kg3
Qg1+ 35. Kf4 Qxh2+ 36. Kg5 Qh6# 0-1

[Event "Challenge"]
[Site "http://www.queenalice.com/game.php?id=627012"]
[Date "2009.7.30"]
[Round "-"]
[White "glauco_marcal"]
[Black "bdollings75"]
[Result "1-0"]
[WhiteElo "1297"]
[BlackElo "1081"]

1. d4 d5 2. b4 e6 3. Qd3 Bxb4+ 4. c3 Bd6 5. Qb5+ Nc6 6. c4 Bd7 7. cxd5 Nxd4 8.
dxe6 Bxb5 9. exf7+ Kxf7 10. Nc3 Nc2+ 11. Kd2 Nxa1 12. h4 Bb4+ 13. Ke3 Nc2+ 14.
Kf3 Bxc3 15. g4 Nd4+ 16. Kf4 Qd6+ 17. Ke4 1-0

[Event "Challenge"]
[Site "http://www.queenalice.com/game.php?id=627014"]
[Date "2009.7.30"]
[Round "-"]
[White "chyco"]
[Black "bdollings75"]
[Result "1-0"]
[WhiteElo "1473"]
[BlackElo "998"]

1. e4 e5 2. Qf3 Nc6 3. Bc4 Nf6 4. Nh3 Nd4 5. Qd3 h6 6. c3 Nc6 7. Bb3 Be7 8. Qc4
O-O 9. Bd1 d6 10. g4 Nxg4 11. Bxg4 Bxg4 12. Ng1 1-0

[Event "Challenge"]
[Site "http://www.queenalice.com/game.php?id=627053"]
[Date "2009.7.30"]
[Round "-"]
[White "ralphinho"]
[Black "bdollings75"]
[Result "1-0"]
[WhiteElo "1384"]
[BlackElo "1533"]

1. e4 e5 2. Nc3 Nc6 3. Nf3 a6 4. d4 exd4 5. Nxd4 Ne5 6. Nd5 d6 7. f4 Ng6 8. g3
N6e7 9. Nb4 c5 10. c3 cxb4 11. cxb4 Nc6 12. Nxc6 bxc6 13. Qd2 Ne7 14. e5 d5 15.
Bd3 Bf5 16. Bxf5 Nxf5 17. O-O Qb6+ 18. Kh1 Bxb4 19. Qd3 Ne7 20. Be3 Qc7 21. a3
Ba5 22. b4 Bb6 23. a4 O-O 24. a5 Bxe3 25. Qxe3 Rab8 26. Rab1 Rb7 27. e6 fxe6 28.
Qxe6+ Kh8 29. f5 d4 30. f6 gxf6 31. Rxf6 Ng6 32. Rxf8+ Nxf8 33. Qf6+ Qg7 34.
Qxc6 Ra7 35. Qd6 Ng6 36. Rd1 Rd7 37. Qxa6 Qf6 38. Qxf6+ 1-0

[Event "Challenge"]
[Site "http://www.queenalice.com/game.php?id=627055"]
[Date "2009.7.30"]
[Round "-"]
[White "glauco_marcal"]
[Black "bdollings75"]
[Result "1-0"]
[WhiteElo "1304"]
[BlackElo "1060"]

1. Nc3 d5 2. e4 d4 3. Na4 e5 4. Qe2 Nf6 5. Qb5+ Nc6 6. Nc5 Bxc5 7. Qxc5 Nxe4 8.
Qc4 O-O 9. Qd3 Nf6 10. Qg3 Bf5 11. Qg5 Bxc2 12. Qh4 Bf5 13. h3 Nb4 14. Rb1 Bxb1
15. Nf3 1-0

[Event "Challenge"]
[Site "http://www.queenalice.com/game.php?id=627058"]
[Date "2009.7.30"]
[Round "-"]
[White "didonato"]
[Black "bdollings75"]
[Result "1-0"]
[WhiteElo "1156"]
[BlackElo "1349"]

1. d4 d5 2. Nf3 e6 3. Bg5 Nf6 4. Nc3 c5 5. Ne5 Nc6 6. Nxc6 bxc6 7. dxc5 Bxc5 8.
e3 O-O 9. Bd3 h6 10. Bf4 Qb6 11. Rb1 Qd8 12. h4 Bb4 13. Qd2 c5 14. a3 Ba5 15. b4
cxb4 16. axb4 Bb6 17. Rb3 Bb7 18. Qd1 Rc8 19. Qa1 d4 20. Ne2 dxe3 21. fxe3 Ng4
22. Rh3 Bxg2 23. Rg3 Bd5 24. Rxg4 Bxb3 25. cxb3 Qxd3 26. Qxg7# 1-0

[Event "Challenge"]
[Site "http://www.queenalice.com/game.php?id=627067"]
[Date "2009.7.30"]
[Round "-"]
[White "par7733"]
[Black "bdollings75"]
[Result "1-0"]
[WhiteElo "1354"]
[BlackElo "1002"]

1. e4 e5 2. Nf3 Nc6 3. Bc4 Nf6 4. Ng5 d5 5. exd5 Na5 6. Bb5+ c6 7. dxc6 bxc6 8.
Ba4 h6 9. Nf3 e4 10. Qe2 Bg4 11. h3 Be6 12. Qa6 exf3 13. Bxc6+ Bd7 14. Bxa8 Qxa8
15. Qxa5 fxg2 16. Qe5+ Be6 17. Rg1 Be7 18. d3 Bxh3 19. Be3 Be6 20. Nd2 O-O 21.
f3 Re8 22. Rxg2 Bh3 23. Rg3 Qc8 24. O-O-O Bf5 25. Nc4 Qa6 26. Bxh6 g6 27. Nd6
Qxd6 28. d4 Qxe5 29. dxe5 Nh5 30. Rgg1 Kh7 31. Bd2 Bf8 32. f4 Bh6 33. Rgf1 1-0

[Event "Challenge"]
[Site "http://www.queenalice.com/game.php?id=627070"]
[Date "2009.7.30"]
[Round "-"]
[White "TD"]
[Black "bdollings75"]
[Result "1-0"]
[WhiteElo "1339"]
[BlackElo "1192"]

1. b3 d5 2. Bb2 c5 3. c4 e6 4. e3 Nf6 5. Qc2 Nc6 6. Be2 Qc7 7. Nf3 Bd6 8. d3 O-O
9. cxd5 exd5 10. Nc3 Bg4 11. Nb5 Qa5+ 12. Qc3 Qd8 13. O-O a6 14. Nxd6 Qxd6 15.
Ba3 b6 16. h3 Be6 17. d4 Ne4 18. Qc2 Ne7 19. Nh4 Rfc8 20. dxc5 bxc5 21. Bf3 f5
22. Bxe4 fxe4 23. Rac1 a5 24. Qc3 1-0

[Event "Challenge"]
[Site "http://www.queenalice.com/game.php?id=627071"]
[Date "2009.7.30"]
[Round "-"]
[White "paulofreitas"]
[Black "bdollings75"]
[Result "1-0"]
[WhiteElo "1554"]
[BlackElo "1201"]

1. e4 e5 2. Qf3 Nc6 3. Bc4 Nf6 4. Na3 Nd4 5. Qh3 Bxa3 6. Bd3 Be7 7. Qg3 O-O 8.
Qxe5 Nc6 9. Qf5 d5 10. Qg5 dxe4 11. Be2 Nd4 12. Kd1 h6 13. Qg3 1-0

[Event "Challenge"]
[Site "http://www.queenalice.com/game.php?id=627097"]
[Date "2009.7.30"]
[Round "-"]
[White "Kanapora"]
[Black "bdollings75"]
[Result "1-0"]
[WhiteElo "1028"]
[BlackElo "1045"]

1. e4 e5 2. Qh5 Nc6 3. b3 Nf6 4. Qf3 d6 5. Nc3 Bg4 6. Qe3 Be7 7. f3 Bd7 8. Qg5
O-O 9. Qg3 Nh5 10. Qf2 Nb4 11. a4 Nxc2+ 12. Ke2 1-0